MARC

LEADER 00000nam0a2200000 4500
001 115731
005 20231031122834.0
010 |a 5080033479 
020 |a RU  |b 94-24213 
035 |a (RuTPU)RU\TPU\book\125171 
090 |a 115731 
100 |a 20070514d1994 d y0rusy5003 ca 
101 0 |a rus 
102 |a RU 
105 |a a z 000ab 
200 1 |a Цербстская принцесса  |a Повесть о детстве и юности Екатерины Второй  |f Н. И. Манасеина  |g худож. М. С. Серебряков 
210 |a Москва  |c Детская литература  |d 1994 
215 |a 301,[3] с.  |c ил.  |d 22 см 
225 1 |a Историческая библиотека 
600 0 |a Екатерина Великая  |d II  |f 1729-1796  |c российская императрица (1762-1796)  |c урожденная принцесса Софья Фредерика Августа Анхельт-Цербстская  |2 stltpush  |3 (RuTPU)RU\TPU\pers\98 
610 1 |a русская литература 
610 1 |a Россия 
610 1 |a 18 век 
610 1 |a исторические романы 
675 |a Р1  |z rus  |v 3 
700 1 |a Манасеина  |b Н. И.  |g Наталья Ивановна  |4 070 
702 1 |a Серебряков  |b М. С.  |4 440 
801 0 |a RU  |b RuMRKP  |c 19950413  |g psbo 
801 1 |a RU  |b 63413507  |c 20070514  |g PSBO 
801 2 |a RU  |b 63413507  |c 20070820  |g PSBO 
942 |c BK